[Event "EU-ch Hybrid U12"]
[Site "Tornelo INT"]
[Date "2021.10.15"]
[Round "8"]
[White "Iljushin, Yaroslav"]
[Black "Petrovic, Dusan Z"]
[Result "1-0"]
[WhiteElo "1404"]
[BlackElo "1652"]
[PlyCount "120"]
[EventDate "2021.10.15"]
[EventType "swiss"]
[EventRounds "9"]
[EventCountry "NET"]
[SourceTitle "EXT 2023"]
[Source "ChessBase"]
[SourceDate "2022.10.05"]
[SourceVersion "1"]
[SourceVersionDate "2022.10.05"]
[SourceQuality "1"]
[WhiteTeam "Russia"]
[BlackTeam "Serbia"]
[WhiteTeamCountry "RUS"]
[BlackTeamCountry "SRB"]

1. e4 c5 2. Nf3 e6 3. d4 cxd4 4. Nxd4 Nc6 5. Nb5 d6 6. c4 Nf6 7. N1c3 a6 8. Na3 Be7 9. Be3 0-0 10. Be2 b6 11. 0-0 Bb7 12. f3 Rc8 13. Qd2 Nd7 14. Rfd1 Qc7 15. Bf1 Rfd8 16. Rac1 Qb8 17. Qf2 Ba8 18. Rb1 Re8 19. b4 Nce5 20. Na4 Bd8 21. h3 Re7 22. Rd2 Bc7 23. Rbd1 Bc6 24. Nc3 Rd8 25. b5 axb5 26. Naxb5 Nc5 27. Nxc7 Qxc7 28. Bxc5 bxc5 29. f4 Ng6 30. g4 Red7 31. f5 Ne5 32. f6 g6 33. Qf4 Kh8 34. Rb2 Rg8 35. Nb5 Bxb5 36. Rxb5 g5 37. Qf2 h6 38. Rdb1 Qc6 39. Qe3 Qa8 40. R1b2 Qd8 41. Qf2 Rc7 42. Be2 Rg6 43. Rb8 Rc8 44. Rxc8 Qxc8 45. h4 gxh4 46. Qxh4 Qd8 47. a4 Nc6 48. Rb7 Qxf6 49. Qxf6+ Rxf6 50. Rc7 Nd4 51. Bd1 e5 52. a5 Kg7 53. a6 Re6 54. Ba4 Rg6 55. a7 Rxg4+ 56. Kf1 Rf4+ 57. Kg2 Rg4+ 58. Kf2 Rf4+ 59. Kg3 Ne2+ 60. Kg2 Nd4 1-0

[Event "EU-ch Hybrid U12"]
[Site "Tornelo INT"]
[Date "2021.10.15"]
[Round "5"]
[White "Petrovic, Dusan Z"]
[Black "Gal, Andrej"]
[Result "0-1"]
[WhiteElo "1652"]
[BlackElo "1904"]
[PlyCount "112"]
[EventDate "2021.10.15"]
[EventType "swiss"]
[EventRounds "9"]
[EventCountry "NET"]
[SourceTitle "EXT 2023"]
[Source "ChessBase"]
[SourceDate "2022.10.05"]
[SourceVersion "1"]
[SourceVersionDate "2022.10.05"]
[SourceQuality "1"]
[WhiteTeam "Serbia"]
[BlackTeam "Croatia"]
[WhiteTeamCountry "SRB"]
[BlackTeamCountry "CRO"]

1. d4 Nf6 2. Nf3 g6 3. Bf4 Bg7 4. h3 0-0 5. e3 d6 6. Be2 Nbd7 7. 0-0 c5 8. c3 b6 9. Nbd2 Bb7 10. Re1 a6 11. a4 Ra7 12. Qb3 Qa8 13. Bf1 Ne4 14. Bh2 Nxd2 15. Nxd2 Bc6 16. f3 b5 17. axb5 axb5 18. Rxa7 Qxa7 19. Qc2 Ra8 20. Nb3 Qb6 21. Kh1 b4 22. Nd2 Qb7 23. Bg1 cxd4 24. exd4 bxc3 25. bxc3 Nf6 26. Rb1 Qc7 27. Qb3 Bh6 28. Nc4 Bd5 29. Qb4 Be6 30. Nb6 Ra2 31. c4 Bf4 32. Rb2 Ra1 33. Rb1 Rxb1 34. Qxb1 Nh5 35. Bf2 Ng3+ 36. Bxg3 Bxg3 37. d5 Bf5 38. Qb2 Qc5 39. Na4 Qe3 40. Qe2 Qc1 41. Nb2 Be5 42. Nd1 Qf4 43. Kg1 Qg3 44. Qd2 Bxh3 45. Ne3 Bd7 46. Bd3 Bd4 47. Kf1 Qf4 48. Ke2 Qe5 49. Kf2 h5 50. g3 h4 51. f4 hxg3+ 52. Kxg3 Qxe3+ 53. Qxe3 Bxe3 54. Kf3 Bc5 55. Kg3 Kg7 56. Kh4 Bf2+ 0-1

[Event "EU-ch Hybrid U12"]
[Site "Tornelo INT"]
[Date "2021.10.15"]
[Round "3"]
[White "Petrovic, Dusan Z"]
[Black "Ljepic, Andrej"]
[Result "0-1"]
[WhiteElo "1652"]
[BlackElo "2159"]
[PlyCount "110"]
[EventDate "2021.10.15"]
[EventType "swiss"]
[EventRounds "9"]
[EventCountry "NET"]
[SourceTitle "EXT 2023"]
[Source "ChessBase"]
[SourceDate "2022.10.05"]
[SourceVersion "1"]
[SourceVersionDate "2022.10.05"]
[SourceQuality "1"]
[WhiteTeam "Serbia"]
[BlackTeam "Serbia"]
[WhiteTeamCountry "SRB"]
[BlackTeamCountry "SRB"]

1. Nf3 Nf6 2. d4 e6 3. Bf4 d5 4. e3 Bd6 5. Bg3 0-0 6. Bd3 b6 7. Nbd2 Bb7 8. Qe2 Ne4 9. Bxd6 cxd6 10. c4 Nxd2 11. Qxd2 dxc4 12. Bxc4 Nd7 13. Be2 Nf6 14. 0-0 Ne4 15. Qd1 Rc8 16. Bd3 Ng5 17. Nd2 f5 18. Bc4 Rf6 19. Qe2 Rh6 20. f3 Qe7 21. Bd3 Rf6 22. Rac1 Rff8 23. a3 g6 24. Bb5 Kg7 25. Nb3 Rfd8 26. Rxc8 Rxc8 27. Rc1 Rxc1+ 28. Nxc1 Qc7 29. Qc4 Qxc4 30. Bxc4 Kf6 31. Kf2 Nf7 32. Nb3 Ke7 33. Ke2 g5 34. Bd3 h5 35. g3 Kf6 36. Nd2 Nd8 37. Nc4 Ke7 38. Nd2 Nc6 39. b4 Nb8 40. Nc4 Nd7 41. Nd2 Nf6 42. h3 h4 43. g4 fxg4 44. hxg4 Kd7 45. b5 Ke7 46. e4 Nd7 47. Ke3 Nf6 48. Kf2 Nd7 49. Ke3 Nf8 50. e5 dxe5 51. dxe5 Nd7 52. f4 Bg2 53. Nf3 gxf4+ 54. Kxf4 Bxf3 55. Kxf3 Nxe5+ 0-1